000 00972nam0a22002411 4500
001 rc\881596
005 20041129093725.2
035 _a(NLR Aleph) 006059185
090 _a4890562
_c4890562
100 _a20041129d1983 u |0rusy50 ca
101 0 _arus
102 _aRU
105 _ay |||||||||
200 1 _aВопросы оптимизации управления качеством подготовки специалистов в университете
_e(Метод. рекомендации для работников высш. шк.)
_fГродн. гос. ун-т
_g[Сост. А.В. Бодаков]
210 _aГродно
_cГГУ
_d1983
215 _a50 с.
_d20
702 1 _aБодаков
_bА. В.
_gАлександр Васильевич
_4220
712 0 2 _aГродненский ун-т им. Я.Купалы
_3RU\NLR\AUTH\889921827
801 0 _aRU
_bNLR
_gpsbo
801 1 _aRU
_bELAR
_2rusmarc
852 _aNLR
_j84-4/9950
942 _cBOOK
980 _aNB